| 000 | 00634nam a2200229Ia 4500 | ||
|---|---|---|---|
| 003 | OSt | ||
| 005 | 20250710185931.0 | ||
| 008 | 210423s2007 xx 000 0 und d | ||
| 020 | _a8130907887 | ||
| 040 | _cAL | ||
| 041 | _aEnglish | ||
| 082 |
_a070.4 _bGEOL |
||
| 100 |
_aGeorge T J S _987251 |
||
| 245 |
_aLessons in journalism _b: story of Pothan Joseph |
||
| 260 |
_aNew Delhi _bW H Freeman & Co. _c2007 |
||
| 300 |
_aii,263p. _bPB _c22x14cm. |
||
| 365 |
_b395 _cINR |
||
| 650 |
_aJournalism _987252 |
||
| 650 |
_aJournalism & Media _987253 |
||
| 906 | _aJoseph. ; journalism: ; Lessons ; Pothan ; story | ||
| 942 |
_2ddc _cBK |
||
| 999 |
_c157288 _d157288 |
||